00571nam a2200157 a 450000100100000000500170001000800410002704000250006824500440009326000900013730000200022704900090024770000350025695201050029199900170039600002968520260305073951.0110425s1980 dr 000 0 spa d aDO-SdBNPbspacBNPHU00aInforme anual 1980/ :bFrank Moya Pons. aSanto Domingo :bSociedad Dominicana de BibliófilosfEditora Amigo del Hogarc1980. a35 p. ;c22 cm. aBNPD1 aMoya Pons, Frank,d1944-92095 0010718PDaPDbPDcCTd2011-04-25iLF1l0o p29685-10r2020-06-25w2020-06-25yLFPDZNo se presta c29177d29177